000 00759nam a2200229Ii 4500
003 JO-AjNU
008 230605s9999||||xx |||||||||||||| ||und||
017 _a2006/5/1284
020 _a9957-05-141-5
040 _aJO-AjNU
_bara
_erda
_cJO-AjNU
041 _aara
050 1 4 _aPJ7553 2006
100 3 _aتحقيق: رشيد، ناظم,
_eauthor
_918581
245 0 0 _aديوان شمس الدين الكوفي 623-675 هـ
250 _aط1
264 3 1 _aعمان:دار الضياء للنشروالتوزيع،2006
300 _a116ص
336 _atext
_btxt
_2rdacontent
337 _aunmediated
_bn
_2rdamedia
338 _avolume
_bnc
_2rdacarrier
650 4 _aالشعراء العرب-الشعر العربي- شمس الدين الكوفي
_918582
999 _aA5970
_c9538
_d9538